Normal view
MARC view
- Cadman, John Mayfield, Vincent Corry, Chris
Entry Personal Name
001 - CONTROL NUMBER
- control field: 60084
003 - CONTROL NUMBER IDENTIFIER
- control field: NUST
005 - DATE AND TIME OF LATEST TRANSACTION
- control field: 20210628202459.0
008 - FIXED-LENGTH DATA ELEMENTS
- fixed length control field: 210628|| aca||aabn | a|a d
040 ## - CATALOGING SOURCE
- Original cataloging agency: NUST
- Transcribing agency: NUST
100 ## - HEADING--PERSONAL NAME
- Personal name: Cadman, John Mayfield, Vincent Corry, Chris
670 ## - SOURCE DATA FOUND
- Source citation: Work cat.: (NUST): Cadman, John Mayfield, Vincent Corry, Chris, Com-dcom, primer plus, 1999
